Materials for Engineers and Technicians / (Record no. 14716)
[ view plain ]
| 000 -LEADER | |
|---|---|
| fixed length control field | 00735nam a22002297a 4500 |
| 008 - FIXED-LENGTH DATA ELEMENTS--GENERAL INFORMATION | |
| fixed length control field | 100927t2010 xxu||||| |||| 00| 0 eng d |
| 020 ## - INTERNATIONAL STANDARD BOOK NUMBER | |
| International Standard Book Number | 1856177696 |
| 020 ## - INTERNATIONAL STANDARD BOOK NUMBER | |
| International Standard Book Number | 9781856177696 |
| 082 ## - DEWEY DECIMAL CLASSIFICATION NUMBER | |
| Edition number | 22 |
| Classification number | 620.11 |
| Item number | HIG |
| 100 1# - MAIN ENTRY--PERSONAL NAME | |
| Personal name | Higgins, Raymond A. |
| 9 (RLIN) | 19929 |
| 245 ## - TITLE STATEMENT | |
| Title | Materials for Engineers and Technicians / |
| Statement of responsibility, etc | Raymond A. Higgins; revised by W. Bolton. |
| 250 ## - EDITION STATEMENT | |
| Edition statement | 5th ed. |
| 260 ## - PUBLICATION, DISTRIBUTION, ETC. (IMPRINT) | |
| Place of publication, distribution, etc | Amsterdam ; |
| -- | London : |
| Name of publisher, distributor, etc | Elsevier, 2010 |
| Date of publication, distribution, etc | c2010. |
| 300 ## - PHYSICAL DESCRIPTION | |
| Extent | xiii, 405 p. : |
| Other physical details | ill.; |
| Dimensions | 27 cm. |
| 500 ## - GENERAL NOTE | |
| General note | Includes index. |
| 541 ## - IMMEDIATE SOURCE OF ACQUISITION NOTE | |
| Source of acquisition | Bacca ; |
| 650 0# - SUBJECT ADDED ENTRY--TOPICAL TERM | |
| 9 (RLIN) | 1255 |
| Topical term or geographic name as entry element | Materials science. |
| 650 0# - SUBJECT ADDED ENTRY--TOPICAL TERM | |
| 9 (RLIN) | 12751 |
| Topical term or geographic name as entry element | Materials. |
| 653 ## - INDEX TERM--UNCONTROLLED | |
| Resource For college | |
| Arrived date list | October2011 |
| 700 1# - ADDED ENTRY--PERSONAL NAME | |
| Personal name | Bolton, W. |
| Dates associated with a name | 1933- |
| Relator term | revisor |
| 9 (RLIN) | 19930 |
| 942 ## - ADDED ENTRY ELEMENTS (KOHA) | |
| Source of classification or shelving scheme | Dewey Decimal Classification |
| Item type | Book - Borrowing |
| Withdrawn status | Item status | Source of classification or shelving scheme | Damaged status | Not for loan | Vendor | Home library | Current library | Shelving location | Date acquired | Source of acquisition | Total Checkouts | Full call number | Barcode | Date last seen | Koha item type | Total Renewals | Date last borrowed |
|---|---|---|---|---|---|---|---|---|---|---|---|---|---|---|---|---|---|
| Dewey Decimal Classification | Baccah | Central Library | Central Library | First floor | 27/09/2010 | 620.11 HIG | 000021874 | 15/07/2025 | NB - Book (Non borrowing) | ||||||||
| Dewey Decimal Classification | Baccah | Central Library | Central Library | First floor | 27/09/2010 | 2 | 620.11 HIG | 000021875 | 15/07/2025 | Book - Borrowing | 1 | 18/03/2013 | |||||
| Dewey Decimal Classification | Baccah | Central Library | Central Library | First floor | 27/09/2010 | 1 | 620.11 HIG | 000021876 | 15/07/2025 | Book - Borrowing | 14/03/2011 | ||||||
| Dewey Decimal Classification | Baccah | Central Library | Central Library | First floor | 31/10/2011 | 620.11 HIG | 000025543 | 15/07/2025 | Book - Borrowing | ||||||||
| Dewey Decimal Classification | Baccah | Central Library | Central Library | First floor | 31/10/2011 | 620.11 HIG | 000025544 | 15/07/2025 | Book - Borrowing | ||||||||
| Dewey Decimal Classification | Baccah | Central Library | Central Library | First floor | 31/10/2011 | 3 | 620.11 HIG | 000025540 | 15/07/2025 | Book - Borrowing | 01/12/2013 |